[Event "TCh-Moscow 2014"]
[Site "Moscow RUS"]
[Date "2014.10.07"]
[Round "7.5"]
[White "Pak, Alexander"]
[Black "Zimin, Alexey"]
[Result "1/2-1/2"]
[WhiteElo "2149"]
[BlackElo "2244"]
[WhiteTeam "Palace"]
[BlackTeam "MSU"]
[WhiteFideId "4164717"]
[BlackFideId "4168925"]
[EventDate "2014.09.27"]

1. e4 e6 2. d4 d5 3. Nc3 Be7 4. Nf3 Nf6 5. exd5 exd5 6. Bf4 c6 7. Ne5 Qb6 8. Rb1
Bf5 9. Bd3 Bxd3 10. Qxd3 Nbd7 11. O-O O-O 12. b4 Nxe5 13. dxe5 Nd7 14. Ne2 Rfe8
15. Nd4 Bf8 16. Rfe1 a5 17. e6 fxe6 18. Nxe6 axb4 19. Ng5 Nf6 20. Be5 h6 21.
Bxf6 hxg5 22. Be5 Re6 23. Qf5 Rae8 24. Re3 Qxe3 25. fxe3 Rxe5 26. Qd7 Bc5 27.
Rf1 R8e7 28. Qc8+ Kh7 29. h4 Bxe3+ 30. Kh1 Re4 31. g4 gxh4 32. Rf8 R4e5 33. Rf5
Bc5 34. Rxe5 Rxe5 35. Qxb7 Re1+ 36. Kg2 Rg1+ 37. Kh3 Rh1+ 38. Kg2 Rg1+ 39. Kh3
Rh1+ 1/2-1/2

[Event "TCh-Moscow 2014"]
[Site "Moscow RUS"]
[Date "2014.10.07"]
[Round "7.5"]
[White "Zherebtsova, Alexandra"]
[Black "Voloshin, Pavel"]
[Result "1-0"]
[WhiteTitle "WFM"]
[WhiteElo "2142"]
[BlackElo "2099"]
[WhiteTeam "MSU"]
[BlackTeam "Palace"]
[WhiteFideId "24129518"]
[BlackFideId "24168017"]
[EventDate "2014.09.27"]

1. f4 e6 2. Nf3 Nf6 3. g3 Be7 4. Bg2 O-O 5. O-O d5 6. d3 c5 7. Qe1 Nc6 8. c3 d4
9. Na3 Nd5 10. Bd2 Rb8 11. Kh1 a6 12. Nc2 Qb6 13. Rb1 Qa7 14. Qf2 Bf6 15. c4
Ndb4 16. Nxb4 Nxb4 17. a3 Nc6 18. Ng5 Be7 19. g4 Bd7 20. Be4 h6 21. Nh3 f5 22.
gxf5 exf5 23. Bd5+ Kh8 24. Qg2 Bf6 25. b4 cxb4 26. axb4 Ne7 27. Bf3 Bc6 28. Ng1
Qb6 29. Qf2 Ng6 30. b5 axb5 31. cxb5 Bxf3+ 32. Nxf3 Rfe8 33. Rg1 Ne7 34. Ne5 Qc5
35. Rg2 Qd5 36. Rb4 Ra8 37. Qxd4 Qxd4 38. Rxd4 Ra1+ 39. Rg1 Ra2 40. Bb4 Rxe2 41.
Rd7 Nc8 42. Rxb7 Kg8 43. Rb8 Rb2 44. Bc5 Kh7 45. d4 Bxe5 46. fxe5 f4 47. b6 f3
48. b7 f2 49. Rf1 Nd6 50. Bxd6 1-0

[Event "TCh-Moscow 2014"]
[Site "Moscow RUS"]
[Date "2014.10.09"]
[Round "8.1"]
[White "Shorokhov, Alexandr"]
[Black "Popov, Ivan RUS"]
[Result "1-0"]
[WhiteTitle "IM"]
[BlackTitle "GM"]
[WhiteElo "2446"]
[BlackElo "2627"]
[WhiteTeam "VNIIAvtomatiki"]
[BlackTeam "Palace"]
[WhiteFideId "4152590"]
[BlackFideId "4170350"]
[EventDate "2014.09.27"]

1. e4 c5 2. Nf3 d6 3. c3 Nf6 4. Bd3 Bg4 5. h3 Bh5 6. Bc2 Nc6 7. d3 e6 8. Nbd2
Be7 9. Qe2 Qc7 10. Nf1 d5 11. Ng3 Bg6 12. e5 Nd7 13. Bf4 d4 14. c4 b5 15. O-O a6
16. b3 h6 17. Rfe1 b4 18. Qd2 O-O-O 19. a3 a5 20. Bd1 Bh7 21. Ne4 Qb6 22. Bg3 g5
23. axb4 cxb4 24. Nf6 Nc5 25. Nxh7 Rxh7 26. Qe2 h5 27. Nd2 g4 28. h4 Nb8 29. Ne4
Nbd7 30. Ra2 Rg7 31. Bc2 a4 32. bxa4 b3 33. Rb2 Nxe4 34. dxe4 Nc5 35. Bxb3 d3
36. Qd2 Nxb3 37. Qd1 d2 38. Re3 Rgg8 39. Rexb3 Qd4 40. a5 Qxe4 41. Rxd2 Rxd2 42.
Qxd2 Rd8 43. Qb2 Rd1+ 44. Kh2 Bc5 45. Rb8+ Kc7 46. a6 Bd4 47. Qb5 1-0

[Event "TCh-Moscow 2014"]
[Site "Moscow RUS"]
[Date "2014.10.09"]
[Round "8.1"]
[White "Rychagov, Andrey"]
[Black "Nikolenko, Oleg"]
[Result "1/2-1/2"]
[WhiteTitle "GM"]
[BlackTitle "GM"]
[WhiteElo "2559"]
[BlackElo "2515"]
[WhiteTeam "Palace"]
[BlackTeam "VNIIAvtomatiki"]
[WhiteFideId "4119932"]
[BlackFideId "4101880"]
[EventDate "2014.09.27"]

1. d4 Nf6 2. c4 e6 3. Nf3 Bb4+ 4. Bd2 c5 5. Bxb4 cxb4 6. a3 bxa3 7. Rxa3 Nc6 8.
Nc3 O-O 9. e3 d6 10. Be2 e5 11. O-O Bg4 12. h3 Bh5 13. Qd2 Re8 14. Rd1 a6 15.
dxe5 dxe5 16. Qe1 Qb6 1/2-1/2

[Event "TCh-Moscow 2014"]
[Site "Moscow RUS"]
[Date "2014.10.09"]
[Round "8.1"]
[White "Saulin, Dmitri"]
[Black "Novikov, Stanislav"]
[Result "1/2-1/2"]
[WhiteTitle "IM"]
[BlackTitle "GM"]
[WhiteElo "2417"]
[BlackElo "2559"]
[WhiteTeam "VNIIAvtomatiki"]
[BlackTeam "Palace"]
[WhiteFideId "4118995"]
[BlackFideId "4125371"]
[EventDate "2014.09.27"]

1. c4 g6 2. Nf3 Bg7 3. d4 Nf6 4. g3 O-O 5. Bg2 d6 6. Nc3 c6 7. O-O Qb6 8. b3 e5
9. Ba3 exd4 10. Na4 Qc7 11. Nxd4 Rd8 12. Rc1 Nbd7 13. Qd2 Nc5 14. Nxc5 dxc5 15.
Bxc5 Bg4 16. Ba3 Qe5 17. Bb2 Ne4 1/2-1/2

[Event "TCh-Moscow 2014"]
[Site "Moscow RUS"]
[Date "2014.10.09"]
[Round "8.1"]
[White "Elishev, Ivan"]
[Black "Kim, Alexey"]
[Result "1/2-1/2"]
[BlackTitle "GM"]
[WhiteElo "2191"]
[BlackElo "2488"]
[WhiteTeam "VNIIAvtomatiki"]
[BlackTeam "Palace"]
[WhiteFideId "4186826"]
[BlackFideId "4129776"]
[EventDate "2014.09.27"]

1. e4 c6 2. c4 e5 3. d4 d6 4. Nc3 Nf6 5. Be2 Qa5 6. f3 Qb6 7. Be3 c5 8. d5 g6 9.
Qd2 Bg7 10. h4 Nh5 11. O-O-O Ng3 12. Rh2 f5 13. Bh6 O-O 14. Bxg7 Kxg7 15. exf5
Bxf5 16. h5 Qd8 17. hxg6 Nxe2+ 18. Ngxe2 Bxg6 19. Rdh1 Qe7 20. Ne4 Nd7 21. N2g3
Kg8 22. Ng5 Rf4 23. N3e4 Nf6 24. g3 Nxe4 25. fxe4 Rg4 26. Nxh7 Bxh7 27. Rxh7
Qxh7 28. Rxh7 Kxh7 29. Qh2+ Kg7 30. Qh3 Rxe4 31. Qd7+ Kh8 32. Qxd6 Rxc4+ 33. Kb1
Re8 34. Qh6+ Kg8 35. Qg6+ Kf8 36. d6 Rd4 37. Qf6+ Kg8 38. Qg6+ Kf8 39. Qf6+ 1/2-1/2

[Event "TCh-Moscow 2014"]
[Site "Moscow RUS"]
[Date "2014.10.09"]
[Round "8.1"]
[White "Krapivin, Alexander"]
[Black "Minskiy, Andrey"]
[Result "1/2-1/2"]
[WhiteTitle "GM"]
[BlackTitle "FM"]
[WhiteElo "2442"]
[BlackElo "2245"]
[WhiteTeam "Palace"]
[BlackTeam "VNIIAvtomatiki"]
[WhiteFideId "4154720"]
[BlackFideId "4120558"]
[EventDate "2014.09.27"]

1. Nf3 Nf6 2. b3 g6 3. Bb2 Bg7 4. e3 O-O 5. Be2 b6 6. O-O Bb7 7. c4 e6 8. Nc3 d6
9. Qc2 c5 10. d4 cxd4 11. Nxd4 a6 12. Rad1 Qc7 13. Bf3 Bxf3 14. Nxf3 d5 15. Rd4
b5 16. Rh4 bxc4 17. bxc4 Nbd7 18. Qe2 dxc4 19. Rxc4 Qb6 20. Na4 Qb7 21. Rfc1
Rfc8 22. h3 Rxc4 23. Rxc4 Rc8 24. Bd4 Qb1+ 25. Kh2 Qb8+ 26. g3 Rxc4 27. Qxc4 Qb7
28. Nd2 Bf8 29. Bxf6 Nxf6 30. Nc3 Nd7 31. Nce4 Be7 32. Nf3 Nf6 33. Nxf6+ Bxf6
34. e4 Qb5 35. Qc8+ Kg7 36. e5 Be7 37. Kg2 a5 38. Qc7 Kf8 39. Qc8+ Kg7 40. Qc7
Kf8 41. Qc8+ 1/2-1/2

[Event "TCh-Moscow 2014"]
[Site "Moscow RUS"]
[Date "2014.10.09"]
[Round "8.2"]
[White "Chernobay, Artem"]
[Black "Gunina, Valentina"]
[Result "1-0"]
[WhiteTitle "GM"]
[BlackTitle "GM"]
[WhiteElo "2505"]
[BlackElo "2540"]
[WhiteTeam "The chip"]
[BlackTeam "School Chess School Anatoly Karpov"]
[WhiteFideId "4167406"]
[BlackFideId "4167570"]
[EventDate "2014.09.27"]

1. e4 c6 2. d4 d5 3. e5 Bf5 4. h4 h5 5. c4 e6 6. Nc3 Ne7 7. Nge2 dxc4 8. Ng3 Bg6
9. Bxc4 Nf5 10. Bg5 Be7 11. Nxf5 Bxf5 12. Qd2 Nd7 13. Rd1 Bxg5 14. hxg5 Qe7 15.
a3 O-O-O 16. Qe3 f6 17. exf6 gxf6 18. O-O Rhg8 19. d5 Ne5 20. Qxa7 Rxg5 21. Ba6
Nf3+ 22. Kh1 Rg4 23. Qa8+ Kd7 24. Qxb7+ Ke8 25. gxf3 Rh4+ 26. Kg1 Qxb7 27. Bxb7
cxd5 28. Ne2 Kf7 29. Ng3 Bg6 30. Rc1 f5 31. Rfe1 f4 32. Rc7+ Kf6 33. Bc8 Re8 34.
Rxe6+ Rxe6 35. Bxe6 fxg3 36. fxg3 Rd4 37. Rc6 Kg7 38. Kf2 Rd3 39. Rc3 Rd2+ 40.
Ke3 Rg2 41. Bxd5 Rxg3 42. Be4 Bf7 43. b4 h4 44. Rc1 Rg2 45. Rh1 Ra2 46. Rxh4
Rxa3+ 47. Kd4 Rb3 48. Kc5 Rc3+ 49. Kb6 Rb3 50. Bc6 Kf6 51. Rf4+ Ke6 52. Rxf7
Rxb4+ 53. Kc5 1-0

[Event "TCh-Moscow 2014"]
[Site "Moscow RUS"]
[Date "2014.10.09"]
[Round "8.2"]
[White "Dvalishvili, Pavel S."]
[Black "Paravyan, David"]
[Result "1/2-1/2"]
[WhiteTitle "IM"]
[BlackTitle "IM"]
[WhiteElo "2439"]
[BlackElo "2428"]
[WhiteTeam "School Chess School Anatoly Karpov"]
[BlackTeam "The chip"]
[WhiteFideId "4121996"]
[BlackFideId "4194985"]
[EventDate "2014.09.27"]

1. e4 e5 2. Nf3 Nc6 3. Bb5 Nf6 4. Qe2 Bc5 5. Bxc6 bxc6 6. d3 d6 7. Be3 Bxe3 8.
Qxe3 O-O 9. Nc3 Ng4 10. Qe2 f5 11. O-O c5 12. h3 Nf6 13. exf5 Bxf5 14. Nd2 Qe8
15. Nde4 Nh5 16. Nd5 Qf7 17. Ne7+ Qxe7 18. Qxh5 c4 19. Qe2 cxd3 20. cxd3 Rab8
21. Rae1 Rb4 22. Qc2 c5 23. Re3 h6 24. a3 Rd4 25. Ng3 Qf7 26. Ne2 Rxd3 27. Rxd3
c4 28. Nc1 cxd3 29. Nxd3 Qg6 30. Rd1 Bxh3 31. Ne1 Bf5 32. Qc7 Rf6 33. Qxa7 1/2-1/2

[Event "TCh-Moscow 2014"]
[Site "Moscow RUS"]
[Date "2014.10.09"]
[Round "8.2"]
[White "Erzhanov, Arman"]
[Black "Arslanov, Shamil"]
[Result "0-1"]
[WhiteTitle "FM"]
[BlackTitle "IM"]
[WhiteElo "2273"]
[BlackElo "2407"]
[WhiteTeam "The chip"]
[BlackTeam "School Chess School Anatoly Karpov"]
[WhiteFideId "4138821"]
[BlackFideId "4192826"]
[EventDate "2014.09.27"]

1. e4 e6 2. d4 d5 3. Nd2 Nf6 4. e5 Nfd7 5. c3 c5 6. Bd3 Nc6 7. Ne2 cxd4 8. cxd4
f6 9. exf6 Qxf6 10. Nf3 h6 11. O-O Bd6 12. Be3 O-O 13. Bc2 Rd8 14. Qd2 Nf8 15.
Bf4 Nxd4 16. Qxd4 Qxd4 17. Nfxd4 Bxf4 18. Nxf4 e5 19. Nfe2 exd4 20. Nxd4 Ne6 21.
Rad1 Nxd4 22. Rxd4 Be6 23. Re1 Rac8 24. Bb3 Kf7 25. f3 a5 26. Rf4+ Ke7 27. Rg4
g5 28. h4 Kd6 29. Ra4 b6 30. Kf2 Rf8 31. hxg5 hxg5 32. Rd4 Rf4 33. Ke3 Rxd4 34.
Kxd4 a4 35. Bd1 Rc1 36. g4 Rb1 37. Kc3 d4+ 38. Kxd4 Bxa2 39. Rh1 b5 40. Kc3 Kc5
41. b4+ axb3 42. Rf1 b4+ 43. Kd2 b2 44. Kc2 Kd4 45. f4 b3+ 46. Kd2 Rc1 0-1

[Event "TCh-Moscow 2014"]
[Site "Moscow RUS"]
[Date "2014.10.09"]
[Round "8.2"]
[White "Savitskiy, Sergey"]
[Black "Kostin, Konstantin"]
[Result "1-0"]
[WhiteTitle "FM"]
[BlackTitle "FM"]
[WhiteElo "2347"]
[BlackElo "2283"]
[WhiteTeam "School Chess School Anatoly Karpov"]
[BlackTeam "The chip"]
[WhiteFideId "24105660"]
[BlackFideId "4155882"]
[EventDate "2014.09.27"]

1. e4 c6 2. d4 d5 3. Nc3 dxe4 4. Nxe4 Bf5 5. Ng3 Bg6 6. Bc4 e6 7. N1e2 Nf6 8.
O-O Bd6 9. f4 Qd7 10. Bd3 Bxd3 11. Qxd3 Na6 12. f5 O-O-O 13. Bg5 Bxg3 14. Nxg3
Qxd4+ 15. Qxd4 Rxd4 16. fxe6 fxe6 17. c3 Rd7 18. Bxf6 gxf6 19. Rxf6 Rd2 20. Rf2
Rxf2 21. Kxf2 Kd7 22. Ne4 Rf8+ 23. Ke3 Rf5 24. g4 Re5 25. Kf4 Rb5 26. b3 Ke7 27.
Re1 Nc5 28. Nxc5 Rxc5 29. c4 Ra5 30. a4 Kf6 31. g5+ Ke7 32. Re5 Ra6 33. h4 Rb6
34. Re3 Rb4 35. a5 b5 36. axb6 axb6 37. Ke5 b5 38. Rc3 bxc4 39. bxc4 Ra4 40. Rb3
Ra5+ 41. Ke4 h6 42. Rb7+ Kd6 43. g6 Re5+ 44. Kf4 Rf5+ 45. Kg3 Rf1 46. Kg4 Rg1+
47. Kh5 e5 48. Kxh6 e4 49. g7 Kc5 50. Re7 Rg4 51. h5 Kxc4 52. Rxe4+ Rxe4 53.
g8=Q+ 1-0

[Event "TCh-Moscow 2014"]
[Site "Moscow RUS"]
[Date "2014.10.09"]
[Round "8.2"]
[White "Morozov, Grigoriy"]
[Black "Babikov, Ivan"]
[Result "1-0"]
[WhiteTitle "FM"]
[BlackTitle "FM"]
[WhiteElo "2350"]
[BlackElo "2273"]
[WhiteTeam "The chip"]
[BlackTeam "School Chess School Anatoly Karpov"]
[WhiteFideId "4168860"]
[BlackFideId "4161106"]
[EventDate "2014.09.27"]

1. d4 d5 2. c4 e6 3. Nf3 Nf6 4. g3 Be7 5. Bg2 O-O 6. O-O Nbd7 7. b3 Ne4 8. Ba3
f5 9. Bxe7 Qxe7 10. Qc2 c6 11. Nbd2 Rf6 12. a3 Rh6 13. b4 Ndf6 14. Ne5 Bd7 15.
Nxe4 fxe4 16. c5 Be8 17. f3 Bg6 18. Qd2 exf3 19. exf3 Nd7 20. Nxd7 Qxd7 21. Rae1
Re8 22. Re3 Bf5 23. g4 Bg6 24. Qf2 Bf7 25. g5 Rg6 26. Re5 h6 27. f4 Rf8 28. h4
Be8 29. Qe3 h5 30. Bf3 Rf5 31. Kh2 Qd8 32. Rxf5 exf5 33. Bxh5 Kf8 34. Re1 Bf7
35. Bxg6 Bxg6 36. Qe6 1-0

[Event "TCh-Moscow 2014"]
[Site "Moscow RUS"]
[Date "2014.10.09"]
[Round "8.2"]
[White "Losev, Dmitry"]
[Black "Pletnev, Evgeniy"]
[Result "1-0"]
[WhiteTitle "IM"]
[WhiteElo "2270"]
[BlackElo "2234"]
[WhiteTeam "School Chess School Anatoly Karpov"]
[BlackTeam "The chip"]
[WhiteFideId "4105958"]
[BlackFideId "24104140"]
[EventDate "2014.09.27"]

1. e4 Nc6 2. Nf3 d6 3. d4 Nf6 4. Nc3 g6 5. Bb5 a6 6. Bxc6+ bxc6 7. Bg5 Bg7 8.
Qd2 Rb8 9. O-O-O h6 10. Bh4 Be6 11. Rhe1 O-O 12. h3 Re8 13. g4 Nh7 14. d5 Bd7
15. e5 cxd5 16. Nxd5 g5 17. Bg3 Be6 18. Qc3 c6 19. Ne3 Qb6 20. Nd4 Nf8 21. Nef5
dxe5 22. Nxe6 Nxe6 23. Nxg7 Kxg7 24. Bxe5+ Kg8 25. Bxb8 Rxb8 26. Rd7 Qxf2 27.
Rxe7 Qf4+ 28. Kb1 Rd8 29. a3 Ng7 30. Qxc6 Rd6 31. Qc3 Rf6 32. R7e4 Qf2 33. R4e2
Qf4 34. Re4 Qf2 35. Qd4 Qf3 36. Qd3 Qf2 37. Qe3 Qg2 38. Rc4 Ne6 39. Qc3 Qf2 40.
Rc6 a5 41. Qxa5 Nd4 42. Rc8+ Kg7 43. Ree8 Qg1+ 44. Ka2 Re6 1-0

[Event "TCh-Moscow 2014"]
[Site "Moscow RUS"]
[Date "2014.10.09"]
[Round "8.3"]
[White "Eliseev, Urii"]
[Black "Kukhmazov, Arsen"]
[Result "1/2-1/2"]
[WhiteTitle "GM"]
[BlackTitle "FM"]
[WhiteElo "2521"]
[BlackElo "2351"]
[WhiteTeam "Moscow Youth"]
[BlackTeam "Boavista"]
[WhiteFideId "24131920"]
[BlackFideId "24108260"]
[EventDate "2014.09.27"]

1. e4 c6 2. Nf3 d5 3. Nc3 Bg4 4. h3 Bh5 5. exd5 cxd5 6. g4 Bg6 7. Ne5 Nc6 8. d4
e6 9. h4 f6 10. Nxg6 hxg6 11. Ne2 g5 12. h5 Bd6 13. c3 Nh6 14. Bh3 Qc7 15. Be3
O-O-O 16. Qd2 e5 17. O-O-O e4 18. Kb1 Kb8 19. Nc1 Na5 20. Nb3 Nc4 21. Qe2 Rc8
22. Ka1 Qb6 23. Rb1 Rc6 24. Nd2 Qa5 25. Nxc4 Rxc4 26. Qc2 Rc6 27. Rhg1 Qxa2+ 28.
Kxa2 Ra6+ 29. Kb3 1/2-1/2

[Event "TCh-Moscow 2014"]
[Site "Moscow RUS"]
[Date "2014.10.09"]
[Round "8.3"]
[White "Mikhailov, Viacheslav"]
[Black "Vavulin, Maksim"]
[Result "0-1"]
[WhiteTitle "FM"]
[BlackTitle "IM"]
[WhiteElo "2355"]
[BlackElo "2431"]
[WhiteTeam "Boavista"]
[BlackTeam "Moscow Youth"]
[WhiteFideId "4187369"]
[BlackFideId "4169530"]
[EventDate "2014.09.27"]

1. c4 e5 2. g3 Nc6 3. Bg2 Bc5 4. Nc3 d6 5. e3 Nge7 6. Nge2 a6 7. O-O O-O 8. a3
Ba7 9. b4 Be6 10. Nd5 Rb8 11. Bb2 b5 12. d3 Qd7 13. Rc1 Rfc8 14. Qd2 Bh3 15.
cxb5 axb5 16. Rxc6 Nxc6 17. Bxh3 Qxh3 18. Qc2 Nd8 19. Ne7+ Kh8 20. Nxc8 Rxc8 21.
d4 f6 22. Qe4 Nf7 23. f4 Nh6 24. Qg2 Qxg2+ 25. Kxg2 Ng4 26. Bc1 exd4 27. Nxd4
Bxd4 28. exd4 f5 29. Re1 Kg8 30. Bb2 Nf6 31. Kf3 Kf7 32. h3 h5 33. Rc1 Nd5 34.
Re1 Re8 35. Rxe8 Kxe8 36. g4 hxg4+ 37. hxg4 g6 38. Bc1 Kf7 39. gxf5 gxf5 40. Ke2
Ke6 41. Kd3 Nb6 42. Bb2 Kd5 43. Bc1 Nd7 44. Bd2 Nf8 45. Bc3 Ne6 46. Ke3 Kc4 47.
Bb2 c6 48. Bc1 Nxd4 49. Kf2 Kd3 50. Bb2 Ke4 51. Bc1 Nb3 0-1

[Event "TCh-Moscow 2014"]
[Site "Moscow RUS"]
[Date "2014.10.09"]
[Round "8.3"]
[White "Zakhartsov, Vladimir"]
[Black "Nefedov, Sergey"]
[Result "1-0"]
[WhiteTitle "IM"]
[BlackTitle "FM"]
[WhiteElo "2407"]
[BlackElo "2298"]
[WhiteTeam "Moscow Youth"]
[BlackTeam "Boavista"]
[WhiteFideId "4145097"]
[BlackFideId "24113417"]
[EventDate "2014.09.27"]

1. e4 d5 2. exd5 Qxd5 3. Nc3 Qd8 4. d4 Nf6 5. Bd3 c6 6. Nge2 e6 7. O-O Be7 8.
Ne4 Nbd7 9. N2g3 Nxe4 10. Nxe4 Nf6 11. c3 Nxe4 12. Bxe4 O-O 13. Qh5 g6 14. Qe2
Bf6 15. Bh6 Re8 16. Rad1 Bg5 17. Bxg5 Qxg5 18. Bd3 Bd7 19. Qe5 Qxe5 20. dxe5
Rad8 21. Be4 Bc8 22. b4 f6 23. f4 Kf7 24. Kf2 f5 25. Bf3 Ke7 26. Ke3 Rxd1 27.
Rxd1 Rd8 28. Rb1 Kd7 29. g4 Ke7 30. Rg1 Kf7 31. h4 fxg4 32. Bxg4 b6 33. Be2 Bb7
34. h5 c5 35. hxg6+ hxg6 36. Bd3 Rh8 37. Bxg6+ Kf8 38. bxc5 bxc5 39. f5 Rh3+ 40.
Kf4 exf5 41. Kg5 Ke7 42. Bxf5 Re3 43. Rd1 Bc6 44. Rd6 Bb5 45. Kf4 Re2 46. a4 Bc4
47. Rd7+ Ke8 48. Rxa7 Bd5 49. Rc7 c4 50. Kg5 Rh2 51. Kf6 Rh6+ 52. Bg6+ Kd8 53.
Rh7 1-0

[Event "TCh-Moscow 2014"]
[Site "Moscow RUS"]
[Date "2014.10.09"]
[Round "8.3"]
[White "Denishev, Marat"]
[Black "Savenkov, Konstantin"]
[Result "0-1"]
[WhiteElo "2183"]
[BlackElo "2370"]
[WhiteTeam "Boavista"]
[BlackTeam "Moscow Youth"]
[WhiteFideId "24131563"]
[BlackFideId "4138600"]
[EventDate "2014.09.27"]

1. d4 Nf6 2. c4 d6 3. Nc3 e5 4. dxe5 dxe5 5. Qxd8+ Kxd8 6. Nf3 Nbd7 7. Bg5 c6 8.
O-O-O Kc7 9. e3 Bb4 10. Bxf6 gxf6 11. Ne4 Be7 12. Nh4 Nb6 13. Ng3 Be6 14. b3 a5
15. Nhf5 Ba3+ 16. Kc2 a4 17. Bd3 Ra5 18. Rb1 axb3+ 19. axb3 Rha8 20. Ra1 Nd7 21.
Ng7 Bf8 22. Rxa5 Rxa5 23. Nxe6+ fxe6 24. Kb2 f5 25. Ra1 Rxa1 26. Kxa1 e4 27. Be2
Kb6 28. Bh5 Ka5 29. Kb2 Kb4 30. Kc2 Nc5 31. Bf7 Bd6 32. Nf1 Be5 33. h3 Bc3 34.
f3 exf3 35. gxf3 f4 36. exf4 Nxb3 37. Ne3 Bd4 38. Nf1 Nc5 39. Nd2 Be3 40. Ne4
Kxc4 41. f5 Nxe4 42. fxe4 Kd4 43. Bxe6 Kxe4 44. f6 Bc5 45. f7 h5 46. Kc3 h4 47.
Kc4 Bf8 48. Bc8 b5+ 49. Kc3 Kd5 50. Bd7 Kc5 51. Bg4 Bg7+ 52. Kb3 Kd4 53. Bd7 Kd5
54. Kb4 Bf8+ 55. Kb3 Bd6 56. Kc3 Be7 57. Kb3 Bf8 58. Kc3 Kd6 59. Bg4 c5 60. Be2
c4 61. Bg4 Kc5 62. Be6 b4+ 63. Kc2 b3+ 64. Kb1 Kb4 65. Bf5 c3 66. Bd3 Bh6 67.
Bf5 Kc5 68. Bh7 Kd4 69. Bf5 Ke3 0-1

[Event "TCh-Moscow 2014"]
[Site "Moscow RUS"]
[Date "2014.10.09"]
[Round "8.3"]
[White "Kovalev, Egor"]
[Black "Okun, Evgeny"]
[Result "1-0"]
[WhiteElo "2209"]
[BlackElo "2121"]
[WhiteTeam "Moscow Youth"]
[BlackTeam "Boavista"]
[WhiteFideId "24124117"]
[BlackFideId "24131806"]
[EventDate "2014.09.27"]

1. Nf3 g6 2. d4 f5 3. Bg5 Bg7 4. Nbd2 h6 5. Bf4 d6 6. e3 Nf6 7. Bc4 e6 8. h3 O-O
9. Rg1 g5 10. Bh2 Ne4 11. Bd3 Nxd2 12. Nxd2 f4 13. Qh5 Qf6 14. O-O-O d5 15. g3
fxe3 16. fxe3 Qf7 17. Bg6 Qe7 18. Bd3 Qf7 19. Qxf7+ Rxf7 20. Rgf1 Rxf1 21. Rxf1
e5 22. g4 e4 23. Be2 c6 24. c4 Be6 25. Kb1 Nd7 26. Rc1 Rf8 27. Bg3 Nf6 28. Bd6
Rf7 29. Rf1 dxc4 30. Nxc4 Nd5 31. Rxf7 Kxf7 32. Bb8 b5 33. Nd6+ Ke7 34. Nxe4 a6
35. Bd6+ Kf7 36. Nc5 Nxe3 37. Nxe6 Kxe6 38. Bc5 Nd5 39. Bf3 Bf6 40. Kc2 Be7 41.
Bxd5+ cxd5 42. Kc3 a5 43. a3 Bd6 44. Bb6 a4 45. Ba5 Kd7 46. Bb4 Bg3 47. Bf8 Kc6
48. Bxh6 Bh4 49. Bg7 Be1+ 50. Kd3 b4 51. axb4 Kb5 52. Bf6 Bh4 53. Be7 Kc6 54.
Kc2 Kb5 55. b3 a3 56. Kb1 Bf2 57. Bc5 Be1 58. Be7 Bf2 59. Bxg5 Kxb4 60. Ka2 Bxd4
61. Be7+ Kc3 62. g5 Kc2 63. Bf6 Bb2 64. h4 d4 65. g6 d3 66. g7 Bxf6 67. g8=Q Bb2
68. Qc4+ Bc3 69. Qe4 Bb2 70. h5 Kd2 71. h6 Kc3 72. h7 Kc2 73. b4 1-0

[Event "TCh-Moscow 2014"]
[Site "Moscow RUS"]
[Date "2014.10.09"]
[Round "8.3"]
[White "Romanov, Stanislav"]
[Black "Mukhitdinov, Akmalkhon"]
[Result "0-1"]
[WhiteElo "2116"]
[BlackElo "2121"]
[WhiteTeam "Boavista"]
[BlackTeam "Moscow Youth"]
[WhiteFideId "4116895"]
[BlackFideId "24150851"]
[EventDate "2014.09.27"]

1. e4 c5 2. a3 Nc6 3. b4 e5 4. c3 Nf6 5. b5 Na5 6. d3 c4 7. dxc4 Nxe4 8. Bd3 Nc5
9. Bc2 d6 10. Ne2 Nxc4 11. O-O Be7 12. Nd2 Be6 13. Ng3 O-O 14. Re1 Nxd2 15. Bxd2
f5 16. Qb1 e4 17. Be3 d5 18. Nh5 Bd6 19. c4 Qh4 20. Nf4 d4 21. g3 Qf6 22. Bc1 d3
23. Bd1 Bxc4 24. Be3 Rac8 25. Nh5 Qf7 26. Qb2 Ne6 27. Rc1 Bd5 28. a4 Rxc1 29.
Qxc1 g6 30. Nf4 Nxf4 31. Bxf4 Bxf4 32. Qxf4 Rc8 33. Qe3 b6 34. Qd4 Qe6 35. h4 h5
36. Kh2 Kh7 37. a5 Rc5 38. axb6 Qxb6 39. Re3 Rxb5 40. Qe5 Qe6 41. Qa1 a5 42. Qc3
Bb3 43. Bxb3 Qxb3 44. Qc7+ Kh6 45. Re1 Rb7 46. Qf4+ Kh7 47. Rc1 Qf7 48. Ra1 Ra7
49. Ra4 Qd7 50. Qe3 d2 51. Rd4 Qe7 52. Rxd2 a4 53. Rd6 a3 54. Qb6 a2 55. Rxg6
a1=Q 56. Rh6+ Kg8 57. Rg6+ Qag7 58. Qc6 Kh7 59. Rxg7+ Qxg7 60. Qc5 Qf7 61. Qe5
Re7 62. Qf4 Qg6 63. Qb8 Rg7 64. Qe5 Qg4 65. Qe8 Qf3 66. Qe5 Qxf2+ 67. Kh1 Qf3+
68. Kh2 e3 69. g4 Qf2+ 0-1

[Event "TCh-Moscow 2014"]
[Site "Moscow RUS"]
[Date "2014.10.10"]
[Round "9.2"]
[White "Demidov, Mikhail"]
[Black "Sarana, Alexey"]
[Result "1/2-1/2"]
[WhiteTitle "IM"]
[WhiteElo "2499"]
[BlackElo "2411"]
[WhiteTeam "Boavista"]
[BlackTeam "Navigator"]
[WhiteFideId "4197143"]
[BlackFideId "24133795"]
[EventDate "2014.09.27"]

1. Nf3 d5 2. c4 e6 3. e3 Nf6 4. b3 Be7 5. Bb2 O-O 6. Be2 c5 7. O-O Nc6 8. cxd5
Nxd5 9. a3 b6 10. Qc2 Bb7 11. d3 Bf6 12. Nbd2 Rc8 13. Ne4 Bxb2 14. Qxb2 Qe7 15.
Ned2 Rfd8 16. Rfd1 Qf6 17. Qxf6 Nxf6 18. Rac1 Kf8 19. h3 Ke7 20. Ne1 g5 21. Bf3
Ba6 22. Nc4 Bxc4 23. bxc4 Rd6 24. g3 Rcd8 25. Rb1 Nd7 26. Be2 f5 27. f4 gxf4 28.
gxf4 e5 29. Ng2 Nf6 30. fxe5 Nxe5 31. Nf4 Ng6 32. Rf1 Rg8 33. Kh2 Nxf4 34. Rxf4
Re6 35. Rf3 Nd7 36. Rbf1 Rf8 37. R1f2 Kd6 38. d4 f4 39. Rxf4 Rxf4 40. Rxf4 Rxe3
41. Bg4 Ke7 42. Bxd7 Kxd7 43. dxc5 Rxa3 44. Rf7+ Ke6 45. c6 Rc3 46. Rxa7 Rxc4
47. Rxh7 1/2-1/2

[Event "TCh-Moscow 2014"]
[Site "Moscow RUS"]
[Date "2014.10.10"]
[Round "9.2"]
[White "Golubov, Saveliy"]
[Black "Kukhmazov, Arsen"]
[Result "0-1"]
[BlackTitle "FM"]
[WhiteElo "2347"]
[BlackElo "2351"]
[WhiteTeam "Navigator"]
[BlackTeam "Boavista"]
[WhiteFideId "24176729"]
[BlackFideId "24108260"]
[EventDate "2014.09.27"]

1. e4 c6 2. d4 d5 3. e5 Bf5 4. Nd2 e6 5. Nb3 Nd7 6. Nf3 Ne7 7. Be2 Bg6 8. O-O
Nf5 9. a4 a5 10. Ne1 Be7 11. Nd3 O-O 12. Nf4 c5 13. c3 cxd4 14. cxd4 Nb6 15. Bb5
Nc4 16. Qe2 Rc8 17. Nxg6 hxg6 18. Bf4 Qb6 19. Rfd1 Rc7 20. g4 Nh4 21. Bg3 g5 22.
Bxh4 gxh4 23. Rac1 Rfc8 24. f4 g6 25. Kh1 Qa7 26. Rf1 b6 27. Rc3 Kh7 28. Rcf3
Rg8 29. f5 Qa8 30. fxg6+ fxg6 31. Rf7+ Rg7 32. g5 Bxg5 33. Rxc7 Rxc7 34. Qg4 Kh6
35. Qxe6 Qc8 36. Qxc8 Rxc8 37. Bd7 Rc7 38. Be6 Nxb2 39. Bxd5 Nxa4 40. Be6 Nb2
41. d5 Nd3 42. d6 Rc3 43. d7 Nxe5 44. Rd1 Rd3 45. Rxd3 Nxd3 46. Bc4 Ne5 47. Bb5
Kg7 48. Nd2 Kf7 49. Ne4 Bd8 50. Kg2 Ke6 51. h3 Nxd7 52. Kf3 g5 53. Ke3 Ne5 54.
Kd4 g4 55. hxg4 Nxg4 56. Be2 Kf5 57. Bf3 Kf4 58. Bg2 Be7 0-1